[Event "ODJM A 2022"]
[Site "Willingen GER"]
[Date "2022.06.06"]
[Round "3"]
[White "Brunner, Tobias"]
[Black "Schwartz, Oliver"]
[Result "1-0"]
[Termination "normal"]
[Board "18"]
[WhiteElo "2007"]
[BlackElo "1753"]
[WhiteClock "00:20:29"]
[BlackClock "00:03:16"]
[PlyCount "100"]
[WhiteFideId "12949833"]
[BlackFideId "16207459"]
[EventCountry "GER"]
[EventRounds "9"]
[EventType "swiss"]
[EventDate "2022.06.04"]

1. e4 {[%clk 1:30:56]} c5 {[%clk 1:30:54]} 2. Nc3 {[%clk 1:31:16]} Nc6 {[%clk
1:31:18]} 3. g3 {[%clk 1:31:24]} g6 {[%clk 1:31:01]} 4. Bg2 {[%clk 1:31:49]}
Bg7 {[%clk 1:30:58]} 5. f4 {[%clk 1:31:35]} d6 {[%clk 1:28:16]} 6. Nf3 {[%clk
1:31:54]} e6 {[%clk 1:26:55]} 7. O-O {[%clk 1:31:32]} Nge7 {[%clk 1:27:03]} 8.
Ne2 {[%clk 1:28:23]} O-O {[%clk 1:24:53]} 9. c3 {[%clk 1:26:11]} f5 {[%clk
1:13:14]} 10. d3 {[%clk 1:18:36]} Rb8 {[%clk 1:07:57]} 11. Be3 {[%clk 1:17:26]}
b5 {[%clk 1:04:48]} 12. Rb1 {[%clk 1:02:18]} a5 {[%clk 0:48:29]} 13. Qc2 {[%clk
0:55:39]} Qd7 {[%clk 0:45:51]} 14. Rfd1 {[%clk 0:55:26]} c4 {[%clk 0:37:45]}
15. dxc4 {[%clk 0:52:24]} bxc4 {[%clk 0:37:55]} 16. Bc5 {[%clk 0:52:34]} d5
{[%clk 0:34:50]} 17. exd5 {[%clk 0:51:22]} exd5 {[%clk 0:35:04]} 18. Nfd4
{[%clk 0:49:45]} Nxd4 {[%clk 0:32:52]} 19. Nxd4 {[%clk 0:45:27]} Bb7 {[%clk
0:32:44]} 20. Re1 {[%clk 0:45:26]} Rfe8 {[%clk 0:32:30]} 21. Qd2 {[%clk
0:39:57]} Rbc8 {[%clk 0:30:17]} 22. Ba3 {[%clk 0:39:22]} Nc6 {[%clk 0:26:41]}
23. Ne6 {[%clk 0:38:10]} d4 {[%clk 0:18:27]} 24. Nc5 {[%clk 0:35:47]} Qc7
{[%clk 0:16:56]} 25. Nxb7 {[%clk 0:32:16]} Qxb7 {[%clk 0:17:20]} 26. Bd5+
{[%clk 0:31:52]} Kh8 {[%clk 0:17:30]} 27. Qg2 {[%clk 0:31:59]} Rxe1+ {[%clk
0:15:46]} 28. Rxe1 {[%clk 0:32:22]} dxc3 {[%clk 0:16:06]} 29. bxc3 {[%clk
0:24:48]} Bxc3 {[%clk 0:16:09]} 30. Rd1 {[%clk 0:22:33]} Qb6+ {[%clk 0:12:31]}
31. Kh1 {[%clk 0:22:52]} Nb4 {[%clk 0:12:19]} 32. Bxc4 {[%clk 0:21:46]} Rd8
{[%clk 0:08:02]} 33. Rxd8+ {[%clk 0:19:20]} Qxd8 {[%clk 0:08:28]} 34. h4 {[%clk
0:19:42]} Qc8 {[%clk 0:05:55]} 35. Qe2 {[%clk 0:18:16]} Qc6+ {[%clk 0:03:51]}
36. Kh2 {[%clk 0:18:31]} Qe4 {[%clk 0:02:49]} 37. Qxe4 {[%clk 0:15:16]} fxe4
{[%clk 0:03:17]} 38. Kg2 {[%clk 0:14:10]} Kg7 {[%clk 0:03:27]} 39. Kf2 {[%clk
0:11:33]} Nd3+ {[%clk 0:02:37]} 40. Ke3 {[%clk 0:10:54]} Nb4 {[%clk 0:00:39]}
41. Kxe4 {[%clk 0:08:03]} Kf6 {[%clk 0:17:13]} 42. g4 {[%clk 0:33:06]} Kg7
{[%clk 0:15:32]} 43. Bc1 {[%clk 0:31:54]} Be1 {[%clk 0:14:29]} 44. Bb2+ {[%clk
0:32:00]} Kf8 {[%clk 0:13:42]} 45. Bf6 {[%clk 0:32:13]} Nc6 {[%clk 0:11:33]}
46. h5 {[%clk 0:29:22]} Ne7 {[%clk 0:10:03]} 47. h6 {[%clk 0:25:38]} Bd2 {[%clk
0:08:53]} 48. Ke5 {[%clk 0:24:07]} Bb4 {[%clk 0:03:48]} 49. Ke6 {[%clk
0:22:33]} Ke8 {[%clk 0:04:07]} 50. f5 {[%clk 0:20:29]} Ba3 {[%clk 0:03:16]} 1-0

[Event "ODJM A 2022"]
[Site "Willingen GER"]
[Date "2022.06.06"]
[Round "3"]
[White "Hofmann, Lorenz"]
[Black "Scherer, Josua"]
[Result "1-0"]
[Termination "normal"]
[Board "20"]
[WhiteElo "2056"]
[BlackElo "1856"]
[WhiteClock "00:29:24"]
[BlackClock "00:26:38"]
[PlyCount "95"]
[WhiteFideId "12995509"]
[BlackFideId "16244486"]
[EventCountry "GER"]
[EventRounds "9"]
[EventType "swiss"]
[EventDate "2022.06.04"]

1. d4 {[%clk 1:30:59]} d5 {[%clk 1:30:47]} 2. c4 {[%clk 1:31:25]} e6 {[%clk
1:31:12]} 3. cxd5 {[%clk 1:31:52]} exd5 {[%clk 1:31:36]} 4. Nc3 {[%clk
1:32:18]} Nf6 {[%clk 1:31:58]} 5. Bg5 {[%clk 1:32:43]} Be7 {[%clk 1:32:07]} 6.
e3 {[%clk 1:33:09]} Nbd7 {[%clk 1:32:01]} 7. Bd3 {[%clk 1:33:28]} c6 {[%clk
1:32:04]} 8. Nge2 {[%clk 1:33:50]} h6 {[%clk 1:32:10]} 9. Bh4 {[%clk 1:34:15]}
O-O 10. O-O {[%clk 1:34:39]} Re8 {[%clk 1:27:59]} 11. f3 {[%clk 1:34:51]} b6
{[%clk 1:17:46]} 12. Bf2 {[%clk 1:25:40]} Bb7 {[%clk 1:09:56]} 13. a3 {[%clk
1:19:05]} c5 {[%clk 1:09:35]} 14. Rc1 {[%clk 1:19:05]} Rc8 {[%clk 1:09:35]} 15.
Bb1 {[%clk 1:00:22]} a6 {[%clk 1:02:26]} 16. dxc5 {[%clk 0:54:16]} Bxc5 {[%clk
1:01:42]} 17. Nd4 {[%clk 0:52:38]} Ne5 {[%clk 0:59:42]} 18. Ba2 {[%clk
0:44:48]} Nc4 {[%clk 0:39:11]} 19. Bxc4 {[%clk 0:45:11]} dxc4 {[%clk 0:39:38]}
20. e4 {[%clk 0:44:15]} b5 {[%clk 0:38:46]} 21. Nf5 {[%clk 0:43:23]} Qb6 {[%clk
0:26:50]} 22. Qe2 {[%clk 0:39:53]} Rcd8 {[%clk 0:23:03]} 23. Rfd1 {[%clk
0:37:30]} Kf8 {[%clk 0:20:06]} 24. Bxc5+ {[%clk 0:34:03]} Qxc5+ {[%clk
0:20:35]} 25. Qf2 {[%clk 0:34:59]} Qxf2+ {[%clk 0:13:32]} 26. Kxf2 Bc6 {[%clk
0:12:37]} 27. Ke3 {[%clk 0:29:15]} h5 {[%clk 0:11:12]} 28. Rd4 {[%clk 0:26:31]}
g6 {[%clk 0:09:23]} 29. Ng3 {[%clk 0:15:57]} Ke7 {[%clk 0:09:12]} 30. Rcd1
{[%clk 0:15:49]} Nd7 {[%clk 0:04:27]} 31. Nge2 {[%clk 0:12:47]} Nc5 {[%clk
0:04:26]} 32. Rxd8 {[%clk 0:07:25]} Rxd8 {[%clk 0:04:55]} 33. Rxd8 {[%clk
0:07:54]} Kxd8 {[%clk 0:05:24]} 34. Kd4 {[%clk 0:08:23]} Ne6+ {[%clk 0:04:39]}
35. Ke5 {[%clk 0:08:02]} a5 {[%clk 0:01:54]} 36. Nd4 {[%clk 0:04:52]} Nxd4
{[%clk 0:01:18]} 37. Kxd4 {[%clk 0:05:18]} Kd7 {[%clk 0:01:04]} 38. Kc5 {[%clk
0:05:36]} f5 {[%clk 0:00:55]} 39. exf5 {[%clk 0:05:51]} gxf5 {[%clk 0:01:22]}
40. Nxb5 {[%clk 0:06:09]} f4 {[%clk 0:00:42]} 41. Kxc4 {[%clk 0:06:24]} h4
{[%clk 0:27:57]} 42. h3 {[%clk 0:32:01]} Bb7 {[%clk 0:27:18]} 43. b4 {[%clk
0:28:44]} axb4 {[%clk 0:27:46]} 44. axb4 {[%clk 0:29:08]} Kc6 {[%clk 0:26:38]}
45. Nd4+ {[%clk 0:29:32]} Kd6 {[%clk 0:26:59]} 46. b5 {[%clk 0:28:40]} Bd5+
{[%clk 0:26:13]} 47. Kb4 {[%clk 0:29:05]} Ke5 {[%clk 0:26:38]} 48. Kc5 {[%clk
0:29:24]} 1-0

[Event "ODJM A 2022"]
[Site "Willingen GER"]
[Date "2022.06.06"]
[Round "3"]
[White "Dornieden, Jonas"]
[Black "Pick, Max"]
[Result "1/2-1/2"]
[Termination "normal"]
[Board "21"]
[WhiteElo "2069"]
[BlackElo "1841"]
[WhiteClock "00:02:15"]
[BlackClock "00:32:45"]
[PlyCount "149"]
[WhiteFideId "1336460"]
[BlackFideId "16210883"]
[EventCountry "GER"]
[EventRounds "9"]
[EventType "swiss"]
[EventDate "2022.06.04"]

1. e4 {[%clk 1:30:57]} d5 {[%clk 1:15:38]} 2. exd5 {[%clk 1:31:19]} Nf6 {[%clk
1:16:03]} 3. d4 {[%clk 1:31:41]} Nxd5 {[%clk 1:16:25]} 4. c4 {[%clk 1:32:05]}
Nb6 {[%clk 1:16:00]} 5. Nf3 {[%clk 1:32:20]} Bg4 {[%clk 1:16:20]} 6. Nc3 {[%clk
1:23:04]} Nc6 {[%clk 1:14:48]} 7. c5 {[%clk 1:13:28]} Nd5 {[%clk 1:12:40]} 8.
Bb5 {[%clk 1:10:21]} Nxc3 {[%clk 0:59:14]} 9. bxc3 {[%clk 1:04:26]} Qd5 {[%clk
0:57:53]} 10. Be3 {[%clk 0:43:41]} O-O-O {[%clk 0:51:40]} 11. Be2 {[%clk
0:37:48]} e5 {[%clk 0:47:57]} 12. c4 {[%clk 0:34:21]} Qe4 {[%clk 0:43:47]} 13.
Bd3 {[%clk 0:23:10]} Bxf3 {[%clk 0:43:03]} 14. gxf3 {[%clk 0:15:26]} Qh4 {[%clk
0:43:02]} 15. d5 {[%clk 0:15:42]} Nd4 {[%clk 0:42:49]} 16. Bxd4 {[%clk
0:13:53]} exd4 {[%clk 0:42:28]} 17. Bf5+ {[%clk 0:10:24]} Kb8 {[%clk 0:42:40]}
18. c6 {[%clk 0:10:20]} Bb4+ {[%clk 0:42:37]} 19. Kf1 {[%clk 0:10:21]} Bc5
{[%clk 0:37:32]} 20. Qd2 {[%clk 0:04:59]} Rhe8 {[%clk 0:36:03]} 21. Rb1 {[%clk
0:04:29]} b6 {[%clk 0:28:52]} 22. Rb5 {[%clk 0:04:50]} Re5 {[%clk 0:27:52]} 23.
Bg4 {[%clk 0:01:52]} f5 {[%clk 0:27:27]} 24. f4 {[%clk 0:01:36]} Re4 {[%clk
0:27:22]} 25. Bxf5 {[%clk 0:01:36]} Rxf4 {[%clk 0:27:46]} 26. Bd3 {[%clk
0:01:33]} Rdf8 {[%clk 0:25:50]} 27. Rb2 {[%clk 0:01:49]} Re8 {[%clk 0:24:35]}
28. h3 {[%clk 0:01:38]} Re3 {[%clk 0:24:04]} 29. a4 {[%clk 0:00:59]} Rxh3
{[%clk 0:21:27]} 30. Rxh3 {[%clk 0:00:56]} Qxh3+ {[%clk 0:21:50]} 31. Ke1
{[%clk 0:00:50]} Qh1+ {[%clk 0:22:10]} 32. Ke2 {[%clk 0:01:11]} Qf3+ {[%clk
0:22:27]} 33. Ke1 {[%clk 0:01:30]} a5 {[%clk 0:22:42]} 34. Qe2 {[%clk 0:01:29]}
Bb4+ {[%clk 0:17:30]} 35. Kd1 {[%clk 0:01:54]} Bc3 {[%clk 0:13:14]} 36. Ra2
{[%clk 0:00:59]} Qh1+ {[%clk 0:12:43]} 37. Qf1 {[%clk 0:01:19]} Qxf1+ {[%clk
0:12:01]} 38. Bxf1 {[%clk 0:01:46]} Re4 {[%clk 0:09:34]} 39. Re2 {[%clk
0:01:56]} Rxe2 {[%clk 0:09:54]} 40. Kxe2 {[%clk 0:01:48]} Kc8 {[%clk 0:10:09]}
41. Kf3 {[%clk 0:28:39]} Kd8 {[%clk 0:40:22]} 42. Bd3 {[%clk 0:28:28]} h6
{[%clk 0:40:17]} 43. Ke4 {[%clk 0:28:33]} Ke7 {[%clk 0:40:18]} 44. Ke5 {[%clk
0:28:04]} Bb4 {[%clk 0:36:42]} 45. Kxd4 {[%clk 0:18:41]} Kd6 {[%clk 0:36:14]}
46. f4 {[%clk 0:14:13]} Bd2 {[%clk 0:35:47]} 47. f5 {[%clk 0:06:00]} Bf4 {[%clk
0:36:02]} 48. Ke4 {[%clk 0:04:41]} Bg5 {[%clk 0:34:59]} 49. Be2 {[%clk
0:04:54]} Bf6 {[%clk 0:35:09]} 50. Bd1 {[%clk 0:04:51]} Be5 {[%clk 0:34:54]}
51. Bh5 {[%clk 0:05:00]} Bg3 {[%clk 0:35:16]} 52. Be2 {[%clk 0:01:03]} Kc5
{[%clk 0:34:15]} 53. Kd3 {[%clk 0:01:11]} Kb4 {[%clk 0:33:40]} 54. Bd1 {[%clk
0:01:34]} Bd6 {[%clk 0:31:53]} 55. Kd4 {[%clk 0:01:43]} h5 {[%clk 0:31:32]} 56.
Bxh5 {[%clk 0:01:58]} Kxa4 {[%clk 0:31:56]} 57. c5 {[%clk 0:01:26]} Bxc5+
{[%clk 0:31:48]} 58. Kc4 {[%clk 0:01:52]} Ka3 {[%clk 0:31:54]} 59. Bd1 {[%clk
0:02:14]} Bd6 {[%clk 0:31:52]} 60. Bc2 {[%clk 0:02:05]} Kb2 {[%clk 0:30:56]}
61. Ba4 {[%clk 0:02:16]} Be5 {[%clk 0:30:36]} 62. Bd1 {[%clk 0:01:55]} Kc1
{[%clk 0:31:00]} 63. Ba4 {[%clk 0:01:40]} Kd2 {[%clk 0:31:23]} 64. Bb3 {[%clk
0:01:24]} Ke3 {[%clk 0:31:23]} 65. Bc2 {[%clk 0:00:57]} Kf4 {[%clk 0:31:41]}
66. Kb5 {[%clk 0:01:01]} Bd6 {[%clk 0:31:57]} 67. Bb1 {[%clk 0:00:34]} Ke5
{[%clk 0:32:21]} 68. Bd3 {[%clk 0:00:50]} Kxd5 {[%clk 0:32:32]} 69. Bc2 {[%clk
0:01:08]} Kd4 {[%clk 0:32:11]} 70. Bd1 {[%clk 0:01:01]} Ke3 {[%clk 0:32:04]}
71. Ba4 {[%clk 0:01:21]} Kf4 {[%clk 0:32:15]} 72. Bc2 {[%clk 0:01:47]} Ke5
{[%clk 0:32:41]} 73. Bb1 {[%clk 0:02:06]} Bc5 {[%clk 0:32:37]} 74. Bc2 {[%clk
0:02:15]} Kd4 {[%clk 0:32:45]} 75. Ba4 1/2-1/2

[Event "ODJM A 2022"]
[Site "Willingen GER"]
[Date "2022.06.06"]
[Round "3"]
[White "Frohnhäuser, Simon"]
[Black "Özdemir, Edwin-Daniel"]
[Result "1-0"]
[Termination "normal"]
[Board "22"]
[WhiteElo "1944"]
[BlackElo "1718"]
[WhiteClock "00:01:21"]
[BlackClock "00:01:14"]
[PlyCount "83"]
[WhiteFideId "16208528"]
[BlackFideId "12919055"]
[EventCountry "GER"]
[EventRounds "9"]
[EventType "swiss"]
[EventDate "2022.06.04"]

1. e4 {[%clk 1:30:55]} c5 {[%clk 1:30:48]} 2. Nf3 {[%clk 1:31:11]} e6 {[%clk
1:31:12]} 3. d4 {[%clk 1:31:26]} cxd4 {[%clk 1:31:36]} 4. Nxd4 {[%clk 1:31:49]}
a6 {[%clk 1:32:01]} 5. Nc3 {[%clk 1:32:13]} b5 {[%clk 1:32:20]} 6. Bd3 {[%clk
1:31:24]} Bb7 {[%clk 1:32:33]} 7. Qe2 {[%clk 1:29:47]} d6 {[%clk 1:31:38]} 8.
O-O {[%clk 1:28:44]} Nd7 {[%clk 1:31:10]} 9. Bd2 {[%clk 1:27:28]} Ngf6 {[%clk
1:30:41]} 10. a4 {[%clk 1:23:33]} b4 {[%clk 1:14:35]} 11. Na2 {[%clk 1:23:21]}
Nc5 {[%clk 1:05:37]} 12. Nxb4 {[%clk 1:02:06]} Nfxe4 {[%clk 0:58:43]} 13. Bxe4
{[%clk 0:47:27]} Nxe4 {[%clk 0:54:03]} 14. Be3 {[%clk 0:47:42]} d5 {[%clk
0:48:04]} 15. Nd3 {[%clk 0:44:45]} Bd6 {[%clk 0:45:42]} 16. f3 {[%clk 0:34:19]}
Nf6 {[%clk 0:20:32]} 17. Nb3 {[%clk 0:34:36]} Qc7 {[%clk 0:19:57]} 18. g3
{[%clk 0:33:43]} O-O {[%clk 0:13:35]} 19. Bc5 {[%clk 0:31:25]} Rac8 {[%clk
0:11:02]} 20. Rfc1 {[%clk 0:25:21]} Nd7 {[%clk 0:06:18]} 21. Bxd6 {[%clk
0:17:59]} Qxd6 {[%clk 0:06:43]} 22. Kg2 {[%clk 0:18:04]} e5 {[%clk 0:06:45]}
23. Na5 {[%clk 0:16:26]} Ba8 {[%clk 0:06:23]} 24. Nf2 {[%clk 0:11:52]} e4
{[%clk 0:03:35]} 25. Kg1 {[%clk 0:11:02]} exf3 {[%clk 0:02:41]} 26. Qd3 {[%clk
0:11:28]} Ne5 {[%clk 0:02:10]} 27. Qd4 {[%clk 0:09:48]} f5 {[%clk 0:01:51]} 28.
Qf4 {[%clk 0:07:53]} Qf6 {[%clk 0:01:33]} 29. c3 {[%clk 0:06:19]} Rfe8 {[%clk
0:01:21]} 30. Re1 {[%clk 0:06:37]} Rb8 {[%clk 0:01:28]} 31. b4 {[%clk 0:05:16]}
Rbc8 {[%clk 0:01:36]} 32. Rac1 {[%clk 0:05:09]} g5 {[%clk 0:01:34]} 33. Qd4
{[%clk 0:05:21]} Qd6 {[%clk 0:01:16]} 34. c4 {[%clk 0:03:12]} Ng4 {[%clk
0:00:56]} 35. c5 {[%clk 0:02:03]} Qh6 {[%clk 0:00:58]} 36. Nxg4 {[%clk
0:01:08]} fxg4 {[%clk 0:00:51]} 37. c6 {[%clk 0:01:34]} Rxe1+ {[%clk 0:00:48]}
38. Rxe1 {[%clk 0:01:45]} Qh3 {[%clk 0:00:44]} 39. Qxd5+ {[%clk 0:01:55]} Kh8
{[%clk 0:00:33]} 40. Qe5+ {[%clk 0:01:54]} Kg8 {[%clk 0:00:57]} 41. Qe6+ {[%clk
0:01:04]} Kg7 {[%clk 0:01:14]} 42. Qd7+ {[%clk 0:01:21]} 1-0

[Event "ODJM A 2022"]
[Site "Willingen GER"]
[Date "2022.06.06"]
[Round "3"]
[White "Fock, Amina"]
[Black "Sabirov, Rafael"]
[Result "1-0"]
[Termination "normal"]
[Board "23"]
[WhiteElo "1790"]
[BlackElo "1704"]
[PlyCount "59"]
[WhiteFideId "12981982"]
[BlackFideId "16241185"]
[EventCountry "GER"]
[EventRounds "9"]
[EventType "swiss"]
[EventDate "2022.06.04"]

1. e4 c5 2. Nf3 e6 3. g3 a6 4. Bg2 b5 5. O-O Bb7 6. Re1 Nc6 7. c3 Nge7 8. d4
cxd4 9. cxd4 d5 10. e5 Nf5 11. Nc3 h5 12. h4 Bb4 13. Bg5 Qb6 14. Bh3 Nfxd4 15.
Nh2 Bc5 16. Be3 a5 17. Rc1 Ba6 18. Bf1 Rc8 19. a4 b4 20. Nb5 Bxb5 21. Bxb5 O-O
22. Qxh5 Nb3 23. Bxc5 Nxc5 24. Nf3 f6 25. Rxc5 Qxc5 26. Bd3 Rfe8 27. exf6 gxf6
28. Qg6+ Kf8 29. Qxf6+ Kg8 30. Bh7+ 1-0

[Event "ODJM A 2022"]
[Site "Willingen GER"]
[Date "2022.06.06"]
[Round "3"]
[White "Kruse, Victor"]
[Black "Schulz, Jannis"]
[Result "1-0"]
[Termination "normal"]
[Board "24"]
[WhiteElo "1733"]
[BlackElo "1810"]
[PlyCount "99"]
[WhiteFideId "16256964"]
[BlackFideId "16224710"]
[EventCountry "GER"]
[EventRounds "9"]
[EventType "swiss"]
[EventDate "2022.06.04"]

1. d4 Nf6 2. c4 e6 3. Nf3 Bb4+ 4. Bd2 Bxd2+ 5. Qxd2 b6 6. Nc3 Bb7 7. d5 exd5 8.
cxd5 O-O 9. g3 d6 10. Bg2 Re8 11. O-O Nbd7 12. b4 a5 13. a3 Ne5 14. Nxe5 dxe5
15. e4 axb4 16. axb4 Qe7 17. Ra4 Rxa4 18. Nxa4 Ra8 19. Nb2 Ne8 20. Rc1 Ra2 21.
Qc3 Ba6 22. Qb3 Qg5 23. Rd1 Rxb2 24. Qxb2 h6 25. b5 Bc8 26. Qc1 Qe7 27. Qc6 Bd7
28. Qc4 Kh7 29. f4 exf4 30. gxf4 Qa3 31. e5 g6 32. Kh1 Bg4 33. Re1 Qa5 34. Rc1
Qd2 35. Qf1 Be2 36. Qe1 Qd3 37. Rc3 Qxb5 38. d6 cxd6 39. Bc6 Qb4 40. Bxe8 Bf3+
41. Kg1 Qxf4 42. Qf2 Qg4+ 43. Kf1 Bd5 44. Bxf7 Bb7 45. Bxg6+ Qxg6 46. Rc7+ Kg8
47. Rxb7 Qd3+ 48. Kg2 Qd5+ 49. Qf3 Qd2+ 50. Kh3 1-0

[Event "ODJM A 2022"]
[Site "Willingen GER"]
[Date "2022.06.06"]
[Round "3"]
[White "Seitz, Manuel"]
[Black "Lohr, Maximilian"]
[Result "0-1"]
[Termination "normal"]
[Board "25"]
[WhiteElo "1794"]
[BlackElo "2080"]
[PlyCount "36"]
[WhiteFideId "16215770"]
[BlackFideId "12999717"]
[EventCountry "GER"]
[EventRounds "9"]
[EventType "swiss"]
[EventDate "2022.06.04"]

1. e4 c5 2. f4 d5 3. Bb5+ Nd7 4. exd5 Ngf6 5. c4 g6 6. Nf3 Bg7 7. Nc3 O-O 8.
Ba4 Nb6 9. Bb3 e6 10. dxe6 Bxe6 11. O-O Bxc4 12. Bxc4 Nxc4 13. d4 Ng4 14. Qe2
cxd4 15. Qxc4 dxc3 16. bxc3 Qb6+ 17. Nd4 Rac8 18. Qd3 Rxc3 0-1

[Event "ODJM A 2022"]
[Site "Willingen GER"]
[Date "2022.06.06"]
[Round "3"]
[White "Noever, Niklas"]
[Black "Matthes, Benjamin"]
[Result "1-0"]
[Termination "normal"]
[Board "26"]
[WhiteElo "1869"]
[BlackElo "1851"]
[PlyCount "101"]
[WhiteFideId "12988642"]
[BlackFideId "16227298"]
[EventCountry "GER"]
[EventRounds "9"]
[EventType "swiss"]
[EventDate "2022.06.04"]

1. d4 d5 2. Nf3 c5 3. e3 Nc6 4. dxc5 e6 5. b3 Bxc5 6. Bb2 Nf6 7. Be2 O-O 8. O-O
Ne4 9. Nc3 f5 10. Na4 Be7 11. c4 Bf6 12. cxd5 exd5 13. Nd4 Nxd4 14. Bxd4 b6 15.
Rc1 Be6 16. Qd3 Qd7 17. Nc3 Rac8 18. f3 Nxc3 19. Rxc3 Rxc3 20. Bxc3 Bxc3 21.
Qxc3 Qd6 22. f4 Rc8 23. Qd2 Qc5 24. Rd1 Qc3 25. Kf2 Qxd2 26. Rxd2 a5 27. Bf3
Rc5 28. Ke2 Kf7 29. Kd3 Ke7 30. Kd4 Kd6 31. Be2 Rc1 32. Bb5 Rc5 33. Bd3 b5 34.
a3 b4 35. axb4 axb4 36. Rc2 Ra5 37. g4 fxg4 38. Bxh7 Ra3 39. Rb2 Bd7 40. Bd3
Bc6 41. Rg2 Bd7 42. Rb2 Ra1 43. Bb1 g6 44. e4 dxe4 45. Bxe4 Rd1+ 46. Ke3 Bf5
47. Bxf5 gxf5 48. Rd2+ Rxd2 49. Kxd2 Ke6 50. Kd3 Kf6 51. Kc4 1-0